000 00702nam a2200253 i 4500
001 C2-0095053
003 PPAK
005 20180727092919.0
008 970514s1989 nyua|||| ||||| | eng d
020 _a0823024628
040 _aPPAK
_beng
_cPPAK
_erda
082 0 4 _a751.422
_223
090 0 0 _a751.422
_bPAR
_dR
700 1 _aFresquet, G,
_eauthor
100 1 _aParramon, Jose M.,
_eauthor
245 1 0 _aHow to paint in watercolor
264 1 _aNew York :
_bWatson - Guptill Pub ,
_c1989
300 _a112 pages :
_billustrations ;
_c26 cm
336 _2rdacontent
_atext
337 _2rdamedia
_aunmediated
338 _2rdacarrier
_avolume
650 1 0 _aWatercolor painting
942 _ddc
_cB
999 _c19963
_d19963